Decretalium d. Bonifacii papae VIII. Clementis papae V. Constitutiones extravagantes tum viginti d. Ioannis papae XXII

Detalles Bibliográficos
Formato: Libro
Publicado: Venecia 1604
Materias:
Colección:Banco de datos
Acervo:Biblioteca del Museo Regional de Querétaro. INAH. Querétaro
Descripción Física:t. VI
Tema general:Pontífices
Notas:Regular. 1Q7, 22
LEADER 00686nam a22001930004500
035 |a 29694 
036 |a 3403 
245 1 0 |a Decretalium d. Bonifacii papae VIII. Clementis papae V. Constitutiones extravagantes tum viginti d. Ioannis papae XXII 
260 |a Venecia  |c 1604 
300 |a t. VI 
500 |a Regular. 1Q7, 22 
650 1 0 |a Pontífices 
949 |a C.R.Q. 
959 |a Ex convento Grande de San Francisco de la ciudad de Querétaro, Museo Regional de Querétaro  |b CCC2 
960 |a Colección General, Querétaro  |b DD80 
961 |a Varias Ordenes Religiosas  |b VO 
942 |c C.R.Q. 
943 |g Biblioteca del Museo Regional de Querétaro. INAH. Querétaro 
999 |c 986010  |d 986010